000 00445nam a2200181Ia 4500
001 23015
005 20260414150909.0
008 260414t2004||||xx |||||||||||||| ||spa||
041 _aESP
082 _a624.1762
_bP59
100 _aPinto, Paolo, E.
_eAUT
245 0 _aSeismic reliability analysis of structures
_b
260 _c2004
300 _aviii, 370 páginas :
_c25 cm.
650 _a0
654 _aCIC
942 _cLIB
_dJUS
_fJUS
_2ddc
_n
999 _c23015
_d23015